| 000 | 00579nam a22002057a 4500 | ||
|---|---|---|---|
| 001 | 00028899 | ||
| 005 | 20260425094317.0 | ||
| 008 | 260425b ag ||||| |||| 00| 0 spa d | ||
| 020 | _a8441305439 | ||
| 040 |
_aAR-CcCEOS _bspa _cAR-CcCEOS |
||
| 041 | _aspa | ||
| 080 | _a902:7 | ||
| 090 | _bORI v.2 | ||
| 245 |
_aLos origenes de la civilización : _bdescubrimientos arqueologicos historicos : Volumen II |
||
| 264 |
_aBarcelona : _bFolio, _c1993. |
||
| 300 |
_a196 p. ; _c24x18 cm. |
||
| 490 | _vAtlas culturales del mundo | ||
| 655 | 0 |
_aarte _9138 |
|
| 942 |
_2udc _cBK _n0 |
||
| 999 |
_c28945 _d28945 |
||